Guess the NBA player - Statistics

General Stats
  • This quiz has been taken 62 times
  • The average score is 10 of 15
Answer Stats
Hint Answer % Correct
Youngest Ball brother, hornets point guard LaMelo Ball
89%
The greek freak Giannis Antetokounmpo
87%
Nicknamed Chef, plays for a california based team Stephen Curry
87%
The king Sr.
85%
Leads the nba in triple doubles all time with over 200 Russell Westbrook
82%
2x champ and finals mvp, 2x dpoy, currently plays for the clippers Kawhi Leonard
80%
Has a father in the nba Jr.
75%
Played for the pacers-thunder-clippers and now sixers Paul George
65%
Cavs guard, went to college at UCLA before being drafted to the lakers Lonzo Ball
64%
scored 13 points in 33 seconds Tracy McGrady
64%
Nicknamed boogie Demarcus Cousins
60%
Remembered for his time at the celtics, 5'9 point guard, mvp candidate in 16-17 and awarded 2nd team nba Isaiah Thomas
60%
Forward who was part of the 2019 raptors squad, now plays for the knicks OG Anunoby
38%
The big kiwi Steven Adams
33%
Filipino-American guard who has played for lakers, jazz, cavs and now the knicks Jordan Clarkson
29%
No matching quizzes found
Score Distribution
Percent of People with Each Score
Percentile by Number Answered
Your Score History
You have not taken this quiz